|
|
|
|
| LEADER |
00000nam0a2200000 4500 |
| 001 |
30289 |
| 005 |
20231030203846.0 |
| 010 |
|
|
|a 5020315001
|
| 035 |
|
|
|a (RuTPU)RU\TPU\book\30559
|
| 035 |
|
|
|a BOOK00030636
|
| 090 |
|
|
|a 30289
|
| 100 |
|
|
|a 20011209d2000 k y0rusy50 ca
|
| 101 |
0 |
|
|a rus
|
| 102 |
|
|
|a RU
|
| 105 |
|
|
|a y z 001zy
|
| 200 |
1 |
|
|a Неклассические дифференциально-операторные уравнения
|f И. Е. Егоров, С. Г. Пятков, С. В. Попов
|
| 210 |
|
|
|a Новосибирск
|c Наука
|d 2000
|
| 215 |
|
|
|a 336 с.
|
| 320 |
|
|
|a Библиогр.: с. 324-336.
|
| 610 |
1 |
|
|a математика
|
| 610 |
1 |
|
|a дифференциально-операторные уравнения
|
| 610 |
1 |
|
|a неклассические уравнения
|
| 610 |
1 |
|
|a краевые задачи
|
| 610 |
1 |
|
|a квазиэллиптические уравнения
|
| 610 |
1 |
|
|a квазигиперболические
|
| 610 |
1 |
|
|a параболические уравнения
|
| 610 |
1 |
|
|a время
|
| 610 |
1 |
|
|a меняющееся направление
|
| 610 |
1 |
|
|a функциональные пространства
|
| 610 |
1 |
|
|a специальные задачи
|
| 675 |
|
|
|a 517.9
|v 3
|
| 700 |
|
1 |
|a Егоров
|b И. Е.
|g Иван Егорович
|
| 701 |
|
1 |
|a Пятков
|b С. Г.
|g Сергей Григорьевич
|
| 701 |
|
1 |
|a Попов
|b С. В.
|g Сергей Вячеславович
|
| 801 |
|
0 |
|a RU
|b 63413507
|c 20011209
|g PSBO
|
| 801 |
|
2 |
|a RU
|b 63413507
|c 20060510
|g PSBO
|
| 942 |
|
|
|c BK
|